Učitavanje...

Kavithilakan panthalam keralavarma

Bibliografski detalji
Glavni autor: Purushothaman Cherukunnam
Format: Printed Book
Izdano: Thrissur Kerala Sahitya Academi 2007
Teme:
LEADER 00738nam a22002051a 4500
020 |a 9788176901192  |c 0.00 
040 |a SSUS - Library - Kalady 
082 |a M 894.812 092  |b PUR/K 
100 |a Purushothaman Cherukunnam 
245 |a Kavithilakan panthalam keralavarma  |h [Text] 
260 |a Thrissur  |b Kerala Sahitya Academi  |c 2007 
300 |a 161p. 
600 |a Biography Literary Persons 
600 |a Biography Panthalam Keralavarma 
600 |a Literature 
600 |a Literature Malayalam 
852 |h M 894.812 092  |i PUR/K  |p 068380  |9 100.00  |t 0 
942 |c BK 
999 |c 23600  |d 23600 
952 |0 0  |1 0  |4 0  |6 M_894_812000000000000_092_PUR_K  |7 0  |9 33618  |a SSUS  |b SSUS  |d 2015-01-08  |g 100.00  |o M 894.812 092 PUR/K  |p 068380  |r 2015-01-08  |v 0.00  |w 2015-01-08  |y BK